000
00214nam a2200097Ia 4500
008
240331s9999 xx 000 0 und d
082
_b
SAN
100
_a
Sandrasegaran, S
245
0
_a
Kalviyal kadduraikal
942
_c
L
999
_c
3600
_d
3600